HUMAN ANATOMY AND PHYSIOLOGY -II ( DR S.B. BHISE /A V YADAV (Record no. 277898)

MARC details
000 -LEADER
fixed length control field 00352pam a2200133a 44500
008 - FIXED-LENGTH DATA ELEMENTS--GENERAL INFORMATION
fixed length control field 230405s2022 xxu||||| |||| 00| 0 eng d
041 ## - LANGUAGE CODE
Language code of text/sound track or separate title ENG
100 ## - MAIN ENTRY--PERSONAL NAME
Personal name DR S.B. BHISE /A V YADAV
245 ## - TITLE STATEMENT
Title HUMAN ANATOMY AND PHYSIOLOGY -II ( DR S.B. BHISE /A V YADAV
250 ## - EDITION STATEMENT
Edition statement 7
260 ## - PUBLICATION, DISTRIBUTION, ETC.
Place of publication, distribution, etc. PUNE
Name of publisher, distributor, etc. NIRALI PRAKASHAN
Date of publication, distribution, etc. 2022
300 ## - PHYSICAL DESCRIPTION
Extent 8.14
906 ## - LOCAL DATA ELEMENT F, LDF (RLIN)
a 2627

No items available.